Financing solid waste - to - energy facilities (Record no. 20553)

000 -LEADER
fixed length control field 00396pab a2200157 454500
008 - FIXED-LENGTH DATA ELEMENTS--GENERAL INFORMATION
fixed length control field 180718b1984 xxu||||| |||| 00| 0 eng d
100 ## - MAIN ENTRY--PERSONAL NAME
Personal name Hough, Wesley C
245 ## - TITLE STATEMENT
Title Financing solid waste - to - energy facilities
260 ## - PUBLICATION, DISTRIBUTION, ETC.
Date of publication, distribution, etc. 1984
300 ## - PHYSICAL DESCRIPTION
Extent 31-8
362 ## - DATES OF PUBLICATION AND/OR SEQUENTIAL DESIGNATION
Dates of publication and/or sequential designation June
650 ## - SUBJECT ADDED ENTRY--TOPICAL TERM
Topical term or geographic name entry element Waste, Utilization of
700 ## - ADDED ENTRY--PERSONAL NAME
Personal name David C. Sturtevant
773 ## - HOST ITEM ENTRY
Main entry heading Government Finance
909 ## -
-- 20553
Holdings
Withdrawn status Lost status Damaged status Not for loan Permanent Location Current Location Date acquired Serial Enumeration / chronology Barcode Date last seen Price effective from Koha item type
        Indian Institute of Public Administration Indian Institute of Public Administration 2018-07-19 Volume no: 13, Issue no: 2 AR20622 2018-07-19 2018-07-19 Articles

Powered by Koha